000 00869nam a2200253 i 4500
001 C2-0341850
003 PPAK
005 20180728143404.0
008 170615s2017 my |||| ||||| | may d
020 _a9789674124236
040 _aPPAK
_beng
_cPPAK
_erda
082 0 4 _a338.9595
_223
090 0 0 _a338.9595
_bDAS
_dG
245 0 0 _aDasar pandang ke timur :
_bpencapaian adaptasi dan cabaran
264 1 _aBangi, Selangor :
_bPenerbit Universiti Kebangsaan Malaysia ,
_c2017
300 _a175 pages ;
_c23 cm
336 _2rdacontent
_atext
337 _2rdamedia
_aunmediated
338 _2rdacarrier
_avolume
500 _aIncludes bibliographical references and index.
650 1 0 _aGovernment publications - Malaysia. ; Malaysia - Relations - Japan. ; Malaysia - Economic policy.
700 1 _aKartini Aboo Talib @ Khalid, 1972-,
_eeditor
942 _ddc
_cB
999 _c138811
_d138811